Science and secrets of early medicine : Egypt, Mesopotamia, India, China, Mexico, Peru /

محفوظ في:

المؤلف الرئيسي: Thorwald, Jürgen.

مؤلفون آخرون: Tr. by Richard and Clara Winston.

التنسيق: كتاب

اللغة: English

منشور في: London : Thames and Hudson, [c1962].

الموضوعات:

الوسوم: إضافة وسم

لا توجد وسوم, كن أول من يضع وسما على هذه التسجيلة!

رقم الطلب: R135 .T52

LEADER 00879nam a22002417a 4500
003 OSt
005 20251124083223.0
008 251124t19631962nyuabcf b 00100 eng u
040 |c ARCE Library 
050 1 4 |a R135  |b .T52 
100 1 |a Thorwald, Jürgen. 
245 1 0 |a Science and secrets of early medicine :  |b Egypt, Mesopotamia, India, China, Mexico, Peru /   |c Translated by Richard and Clara Winston.  
246 1 |a Macht und Geheimnis der frühen Ärzte. 
264 1 |a London :  |b Thames and Hudson,  |c [c1962]. 
300 |a 331 p. :  |b illus., 8 col. plates, ports., maps ;  |c 24 cm. 
500 |a Translation of Macht und Geheimnis der frühen Ärzte. 
504 |a Includes bibliography (pages 311-317) and index. 
650 0 |a Paleopathology. 
650 0 |a Medicine, Ancient. 
700 1 |a Tr. by Richard and Clara Winston. 
901 |a reviewed 
942 |2 lcc  |c BK 
999 |c 48758  |d 48758